| 000 | 01284nam a2200241 4500 | ||
|---|---|---|---|
| 001 | bimo0001768966 | ||
| 003 | DO-SdBNP | ||
| 005 | 20220608092816.0 | ||
| 008 | 020410s2002 sp | ||| ||spa | ||
| 020 | _a8449421373 | ||
| 040 |
_aBPMSU _bspa _cBPMSU |
||
| 082 |
_aR803 _bE56i 2002 _222 |
||
| 245 | 0 | 0 |
_aEnciclopedia interactiva del mundo hispano / _cdirección de la obra, Joaquín Navarro |
| 260 |
_aBarcelona : _bOcéano, _c2002 |
||
| 300 |
_av. : _bil.retrs.; _c29 cm _e |
||
| 500 | _3La biblioteca posee el v.2 | ||
| 505 | 0 | _a1. Gramática, el idioma español, literatura española 2. Literatura hispanoamericana, literatura universal 3. Historia universal, historia de América Latina 4. Geografía general, atlas, geografía descriptiva, ecología, geología 5. Física, electricidad, electrónica, química inorgánica, química orgánica 6. Álgebra, geometría, estadística, computación 7. Biología, paleontología, botánica, zoología, el cuerpo humano, educación sexual 8. Tecnología mecánica, diseño, educación artística, música, educación cívica, autoevaluación, índice analítico | |
| 590 | _6Inventariado, 2022/VM | ||
| 650 | 4 |
_aLiteratura _vEnciclopedias _2 |
|
| 700 | 1 |
_aNavarro, Joaquín _d1946- |
|
| 910 | _aVMateo V. | ||
| 942 |
_2ddc _cBK |
||
| 999 |
_c14225 _d14225 |
||